La modernizacion de la ciencia en Mexico : (Record no. 163088)

MARC details
000 -LEADER
fixed length control field 00698nam a22001937a 4500
005 - DATE AND TIME OF LATEST TRANSACTION
control field 20220704125633.0
008 - FIXED-LENGTH DATA ELEMENTS--GENERAL INFORMATION
fixed length control field 220704b mx ||||| |||| 00| 0 spa d
020 ## - INTERNATIONAL STANDARD BOOK NUMBER
International Standard Book Number 9683683770 (UNAM)
020 ## - INTERNATIONAL STANDARD BOOK NUMBER
International Standard Book Number 9688568406 (Plaza y Valdés
050 04 - LIBRARY OF CONGRESS CALL NUMBER
Classification number QB33.M6
Item number B37 2000
100 1# - MAIN ENTRY--PERSONAL NAME
Personal name Bartolucci, Jorge,
Relator term autor.
245 13 - TITLE STATEMENT
Title La modernizacion de la ciencia en Mexico :
Remainder of title el caso de los astrónomos /
Statement of responsibility, etc Jorge Bartolucci
250 ## - EDITION STATEMENT
Edition statement Primera edición
260 ## - PUBLICATION, DISTRIBUTION, ETC. (IMPRINT)
Place of publication, distribution, etc México :
Name of publisher, distributor, etc Universidad Nacional Autónoma de México,
Date of publication, distribution, etc 2000
300 ## - PHYSICAL DESCRIPTION
Extent 324 páginas ;
Dimensions 23 cm
490 ## - SERIES STATEMENT
Series statement Colección Historia de la educación. Serie mayor
650 #7 - SUBJECT ADDED ENTRY--TOPICAL TERM
Source of heading or term lemb
Topical term or geographic name as entry element Astronomía
Geographic subdivision México
General subdivision Historia
942 ## - ADDED ENTRY ELEMENTS (KOHA)
Source of classification or shelving scheme Biblioteca del Cogreso de los Estados Unidos
Koha item type Libro
Holdings
Estado de pérdida Fuente de clasificación Estado del daño No para préstamo Ubicación permanente Ubicación actual Apartado o colección Fecha de adquisición Edición Dependencia de educación superior (DES) Área del conocimiento Clasificación Código de Barras Date last seen Número de copia Costo por reposición Tipo de recurso
  Biblioteca del Cogreso de los Estados Unidos     Biblioteca del Instituto de Investigaciones Históricas Biblioteca del Instituto de Investigaciones Históricas General 04/07/2022 1a ed. Humanidades Ciencias Naturales y Exactas QB33.M6 B37 2000 IIH000033304 04/07/2022 C:1 145.00 Libro